Care of Small Pets/ (Record no. 189199)

MARC details
000 -LEADER
fixed length control field 00520nam a22001817a 4500
005 - DATE AND TIME OF LATEST TRANSACTION
control field 20220622111911.0
010 ## - LCCN (DPL NO)
LC control number ENG-133304
020 ## - INTERNATIONAL STANDARD BOOK NUMBER
International Standard Book Number 9788123773353
Terms of availability 180.00
035 ## - SYSTEM CONTROL NUMBER
System control number EN-116836
037 ## - SOURCE OF ACQUISITION
Source of stock number/acquisition DBAD/PUB
082 ## - DEWEY DECIMAL CLASSIFICATION NUMBER
Classification number 590
100 ## - MAIN ENTRY--PERSONAL NAME
Personal name Geeta
245 ## - TITLE STATEMENT
Title Care of Small Pets/
Statement of responsibility, etc Geeta
260 ## - PUBLICATION, DISTRIBUTION, ETC. (IMPRINT)
Place of publication, distribution, etc New Delhi
Name of publisher, distributor, etc National Book Trust
Date of publication, distribution, etc 2015
270 ## - ADDRESS
Address Nehru Bhawan, 5 Institutional Area, Phase-II Vasant Kunj
City New Delhi
Postal code 110070
300 ## - PHYSICAL DESCRIPTION
Extent 121p.
Dimensions 21cm(pbk)
942 ## - ADDED ENTRY ELEMENTS (KOHA)
Source of classification or shelving scheme Dewey Decimal Classification
Item type English Books
Classification part 590
Call number suffix GEE
Holdings
Withdrawn status Lost status Not for loan Collection code Home library Current library Date acquired Source of acquisition Cost, normal purchase price Full call number Barcode Copy number Cost, replacement price Koha item type
    Not For Loan Non-fiction D.B.Act.Division Mobile Library 22/06/2022 DBAD/PUB 180.00 590 GEE EN-116836 1 180.00 English Books

© Delhi Public Library
Hit Counter
free hit counter